000 00461nam a22001817a 4500
003 CEME
005 20210628203345.0
008 210305b xxu||||| |||| 00| 0 eng d
020 _a0-333-03689-1
040 _c.
082 _a808.84 BEJ
100 _aBEJA, MORRIS
_964951
245 _aVirginia woolf, to the lighthouse
260 _aNEW YORK
_bPALGRAVE
_c1970
300 _a255P
650 _aENGLISH LITERATURE-CRITICAL ESSAYS
_923462
942 _cBK
_2ddc
999 _c573298
_d573298